000 00635nam a2200205Ia 4500
005 20241216011305.0
008 190429s9999||||xx |||||||||||||| ||und||
082 _a669.3
_bC93
100 _aCUELLAR MUÑOZ RAUL
245 0 _aTRATAMIENTO Y RECUPEPRACION DE LOS MINERALES DE COBRE Y PLATA EN LA MINA LOS HEROES
250 _a0
260 _aCERRO DE PASCO-PERU
_bUNDAC
_c1992
300 _a110 pag.
_c30 cm.
341 _h0
490 _v0
_a0
505 _aPLATA/COBRE/DEMANDA FUTURA/PRECIO DE VENTA/ASPECTOS MINEROS/
541 _aD
_bCUELLAR MUÑOZ, RAUL
_d18-Mar-03
_oSoles
650 _aIngenieria Metalurgica
942 _cTESIS
999 _c37830
_d37830